000 01089naa a22002897a 4500
001 BR8207029
003 BR-BrBNA
005 20250721143213.0
007 ta
008 250630b bl.|||m| |||| 00| 0 por d
040 _aBR-BrBNA
_bpor
_cBiblioteca Nacional de Agricultura
041 _a(Pt)
072 _aE10
_b/G514
090 _aE10 BR8207029
100 1 _aMontezano, R.M. da S.
100 1 _aDias, G.L. da S.
100 1 _aLopes, M. de R.
245 1 _aInstrumentos de politica agricola no Brasil: pontos para debate [credito rural, estrutura agraria]
500 _aSeminario de politica agricola. Coletanea de artigos tecnicos Brasilia, DF (Brasil): 1982. p. 9-16 (BR8207029-AMS)
773 0 _tSeminario de politica agricola. Coletanea de artigos tecnicos
_wE10 BR8207029
_gBrasilia, DF (Brasil), 1982. p. 9-16
650 _aPOLITICA AGRICOLA
650 _aCREDITO RURAL
650 _aESTRUTURA AGRARIA
490 _aColecao Analise e Pesquisa - Comissao de Financiamento da Producao (Brazil)
_vv. 25
942 _cAMS
_2AGRIS
909 _a202506
_bLúcia
_c55
_dLúcia Elande
999 _c334336
_d334336